|
|
|
|
| LEADER |
00848cam a2200193 7i4500 |
| 001 |
0000027286 |
| 005 |
20120111090000.0 |
| 020 |
0 |
0 |
|a 9781592377374
|
| 090 |
0 |
0 |
|a USA 016.65
|b DIR
|
| 245 |
0 |
4 |
|a The Directory of business information resources 2011.
|
| 250 |
0 |
0 |
|a 18th ed.
|
| 260 |
0 |
0 |
|a New York:
|b Grey House Publishing,
|c 2011.
|
| 300 |
# |
# |
|a 1693 p.
|
| 650 |
0 |
0 |
|a Association, institutions, etc --
|x Directories --
|z United States of America
|
| 650 |
0 |
0 |
|a Trade shows --
|x Directories --
|z United States of America
|
| 650 |
0 |
0 |
|a Business information services --
|x Directories --
|z United States of America
|
| 650 |
0 |
0 |
|a Reference books --
|x Business --
|x Bibliography --
|z United States of America
|
| 650 |
0 |
0 |
|a Business --
|x Databases --
|x Directories --
|z United States of America
|
| 999 |
|
|
|a B000029940
|b Directories
|c Countries
|e Business Information Centre
|